Munkásakadémiák az évad elején
Elmentve itt :
| Szerző: | |
|---|---|
| Dokumentumtípus: | Cikk |
| Megjelent: |
1962-11-18
|
| Sorozat: | Délmagyarország
52 No. 270 |
| Kulcsszavak: | Oktatás paraszt-munkás tanulók 1962, Közoktatás munkásakadémia 1962, munkásművelődés |
| Online Access: | http://dmarchiv.bibl.u-szeged.hu/72702 |
| LEADER | 00532nab a2200157 i 4500 | ||
|---|---|---|---|
| 001 | delm72702 | ||
| 005 | 20180928082638.0 | ||
| 008 | 180928s1962 hu o 0|| hun d | ||
| 040 | |a SZTE Délmagyarország Archívum |b hun | ||
| 041 | |a hun | ||
| 100 | 1 | |a Lődi Ferenc | |
| 245 | 1 | 0 | |a Munkásakadémiák az évad elején |h [elektronikus dokumentum] / |c Lődi Ferenc |
| 260 | |c 1962-11-18 | ||
| 300 | |a 5 | ||
| 490 | 0 | |a Délmagyarország |v 52 No. 270 | |
| 695 | |a Oktatás paraszt-munkás tanulók 1962, Közoktatás munkásakadémia 1962, munkásművelődés | ||